Guess the Fusion Rock Song Lyrics #173 - Statistics

General Stats
  • This quiz has been taken 10 times
  • The average score is 125 of 163
Answer Stats
Answer % Correct
a
100%
and
100%
And
100%
be
100%
can
100%
I
100%
if
100%
in
100%
is
100%
It
100%
it
100%
my
100%
on
100%
the
100%
you
100%
arms
86%
Baby
86%
can't
86%
hold
86%
Im
86%
I'm
86%
it's
86%
just
86%
love
86%
Oh
86%
way
86%
we
86%
wouldn't
86%
your
86%
back
71%
Being
71%
find
71%
home
71%
like
71%
mind
71%
share
71%
so
71%
with
71%
are
57%
Cause
57%
fair
57%
feeling
57%
moments
57%
two
57%
blue
43%
Climax
43%
few
43%
hung
43%
over
43%
Precious
43%
precious
43%
compare
29%
rare
29%
sky
29%
Quiet
0%
No matching quizzes found
Score Distribution
Percent of People with Each Score
Percentile by Number Answered
Your Score History
You have not taken this quiz